عرض عادي
عرض مارك
- FlowingData.
مدخل إسم هيئة
001 - رقم الضبط
- حقل الضبط: 58355
003 - معرف رقم الضبط
- حقل الضبط: OSt
005 - تاريخ ووقت أخر عملية
- حقل الضبط: 20170803184050.0
008 - عناصر بيانات ثابتة الطول
- حقل تحكم ثابت الطول: 170803|| aca||aabn | a|a d
040 ## - مصدر الفهرسة
- هيئة الفهرسة الأصلية: OSt
- وكالة الكتابة: OSt
110 ## - مدخل -- أسم شخص
- اسم الهيئه او اسم السلطه كعنصر مدخل: FlowingData.
670 ## - بيانات المصدر موجوده
- الاستشهاد بالمصدر: Work cat.: (OSt)0: Yau, Nathan. 58354, Visualize this :, c2011.
